[Event "USA tt"]
[Site "ICC INT"]
[Date "2007.10.08"]
[Round "7"]
[White "Costigan, Richard"]
[Black "Friedman, Aviv"]
[Result "1/2-1/2"]
[WhiteElo "2302"]
[BlackElo "2359"]
[PlyCount "108"]
[EventDate "2007.08.29"]
[EventType "team-tourn"]
[EventRounds "10"]
[EventCountry "USA"]
[SourceTitle "CBM 120 Extra"]
[Source "ChessBase"]
[SourceDate "2007.11.01"]
[SourceVersion "1"]
[SourceVersionDate "2007.11.01"]
[SourceQuality "1"]

1. d4 e6 2. Bf4 Nf6 3. e3 b6 4. Nf3 Bb7 5. Bd3 d6 6. Qe2 Be7 7. h3 Nbd7 8. Ba6 Qc8 9. Bxb7 Qxb7 10. Nbd2 Ne4 11. 0-0-0 Nxd2 12. Rxd2 Nf6 13. Qb5+ c6 14. Qd3 c5 15. Qb5+ Qd7 16. Qxd7+ Kxd7 17. dxc5 bxc5 18. Ne5+ Ke8 19. Nc6 Ne4 20. Re2 Bg5 21. Rd1 Kd7 22. Na5 Kc7 23. Bxg5 Nxg5 24. f3 f6 25. e4 Rhd8 26. Nc4 Rd7 27. f4 Nf7 28. Red2 Rad8 29. Ne3 Kc6 30. c4 g5 31. g3 h5 32. Rf2 Rg8 33. f5 Re8 34. b3 exf5 35. Rxf5 Rxe4 36. Nd5 Re2 37. Rd2 Re1+ 38. Kc2 Rg1 39. Nxf6 Rb7 40. Ne4 Rh1 41. Nxc5 Re7 42. Ne4 Rxe4 43. Rxf7 Rxh3 44. Rf6 Rxg3 45. Rfxd6+ Kc7 46. Rh6 h4 47. Kb2 h3 48. Rh7+ Kc6 49. Rh6+ Kc7 50. Rh7+ Kc6 51. Rh6+ Kc7 52. Rh7+ Kc6 53. Rh6+ Kc7 54. Rh7+ Kc6 1/2-1/2

[Event "Troll Masters"]
[Site "Gausdal"]
[Date "2002.01.11"]
[Round "9"]
[White "Leer Salvesen, Bjarte"]
[Black "Friedman, Aviv"]
[Result "1/2-1/2"]
[WhiteElo "2293"]
[BlackElo "2345"]
[PlyCount "93"]
[EventDate "2002.01.04"]
[EventType "swiss"]
[EventRounds "9"]
[EventCountry "NOR"]
[SourceTitle "CBM 086 Extra"]
[Source "ChessBase"]
[SourceDate "2002.03.14"]
[SourceVersion "1"]
[SourceVersionDate "2002.03.14"]
[SourceQuality "1"]

1. c4 c5 2. g3 g6 3. Bg2 Bg7 4. Nf3 Nf6 5. 0-0 0-0 6. Nc3 Nc6 7. d4 cxd4 8. Nxd4 Nxd4 9. Qxd4 d6 10. Qd3 a6 11. Bd2 Rb8 12. c5 dxc5 13. Qxd8 Rxd8 14. Bf4 Ra8 15. Rfd1 Re8 16. Na4 Nd7 17. Rac1 Ra7 18. Nxc5 Nxc5 19. Rxc5 b6 20. Rcd5 Kf8 21. Rd8 e5 22. Be3 Rc7 23. Bxb6 Rc4 24. b3 Rc3 25. Ba5 Rxd8 26. Rxd8+ Ke7 27. Rd1 Rc2 28. Bb4+ Kf6 29. Rd6+ Be6 30. Rxa6 Rxe2 31. Bd5 Kf5 32. Bxe6+ fxe6 33. Bc5 e4 34. Be3 Bc3 35. Kf1 Rb2 36. h3 h5 37. Rc6 Bf6 38. Rc5+ e5 39. Ra5 Bd8 40. Ra6 Be7 41. h4 Bb4 42. Bg5 Bc5 43. Rf6+ Kg4 44. a4 Rb1+ 45. Kg2 Rb2 46. Kf1 Rb1+ 47. Kg2 1/2-1/2

[Event "Troll Masters"]
[Site "Gausdal"]
[Date "2002.01.09"]
[Round "7"]
[White "Bae, Torstein"]
[Black "Friedman, Aviv"]
[Result "1/2-1/2"]
[WhiteElo "2318"]
[BlackElo "2345"]
[PlyCount "103"]
[EventDate "2002.01.04"]
[EventType "swiss"]
[EventRounds "9"]
[EventCountry "NOR"]
[SourceTitle "CBM 086 Extra"]
[Source "ChessBase"]
[SourceDate "2002.03.14"]
[SourceVersion "1"]
[SourceVersionDate "2002.03.14"]
[SourceQuality "1"]

1. d4 e6 2. c4 f5 3. Nf3 Nf6 4. g3 d5 5. Bg2 c6 6. 0-0 Bd6 7. b3 Qe7 8. Bb2 0-0 9. Ne5 Nbd7 10. Nd2 Ne4 11. e3 Nxd2 12. Qxd2 Nxe5 13. dxe5 Bc7 14. Rfc1 dxc4 15. bxc4 Rd8 16. Qc2 c5 17. Rd1 Rxd1+ 18. Rxd1 Rb8 19. e4 g6 20. exf5 gxf5 21. g4 fxg4 22. Qe4 Qg7 23. Rd3 Bd7 24. Rg3 h5 25. h3 Bc6 26. Qe3 Rf8 27. Bxc6 bxc6 28. hxg4 h4 29. Rg2 Qg6 30. Kh2 Rf7 31. f4 h3 32. Rf2 Qxg4 33. Qg3 Qxg3+ 34. Kxg3 Rh7 35. Rh2 Kf7 36. Rxh3 Rxh3+ 37. Kxh3 Kg6 38. Kg4 Ba5 39. Bc1 Bc3 40. Be3 Bd4 41. Kf3 Kf5 42. a3 a6 43. a4 Bc3 44. Bxc5 Bd2 45. Be3 Be1 46. Ke2 Bg3 47. Kd3 Be1 48. Kd4 Bb4 49. Bc1 Bf8 50. Ke3 Bh6 51. Kd4 Bf8 52. Ke3 1/2-1/2

[Event "Troll Masters"]
[Site "Gausdal"]
[Date "2002.01.06"]
[Round "3"]
[White "Royset, Pal"]
[Black "Friedman, Aviv"]
[Result "1/2-1/2"]
[WhiteElo "2280"]
[BlackElo "2345"]
[PlyCount "47"]
[EventDate "2002.01.04"]
[EventType "swiss"]
[EventRounds "9"]
[EventCountry "NOR"]
[SourceTitle "CBM 086 Extra"]
[Source "ChessBase"]
[SourceDate "2002.03.14"]
[SourceVersion "1"]
[SourceVersionDate "2002.03.14"]
[SourceQuality "1"]

1. e4 e6 2. d4 d5 3. Nc3 Bb4 4. Nge2 dxe4 5. a3 Be7 6. Nxe4 Nf6 7. N2g3 Bd7 8. Be2 Bc6 9. Bf3 Nxe4 10. Nxe4 Nd7 11. 0-0 Bd5 12. Bf4 Nf6 13. Nc5 b6 14. Na6 Rc8 15. Nb4 Bxf3 16. Qxf3 Bxb4 17. Qc6+ Qd7 18. Qxd7+ Kxd7 19. axb4 Ra8 20. Ra4 Kc6 21. Rfa1 Kb7 22. b5 Rhd8 23. Be5 Ne8 24. Kf1 1/2-1/2

[Event "Corus reserve op"]
[Site "Wijk aan Zee"]
[Date "2001.01.25"]
[Round "8"]
[White "Friedman, Aviv"]
[Black "De Roda Husman, Juan"]
[Result "1/2-1/2"]
[WhiteElo "2339"]
[BlackElo "2327"]
[PlyCount "92"]
[EventDate "2001.01.13"]
[EventType "swiss"]
[EventRounds "9"]
[EventCountry "NED"]
[SourceTitle "CBM 080 Extra"]
[Source "ChessBase"]
[SourceDate "2001.03.08"]
[SourceVersion "1"]
[SourceVersionDate "2001.03.08"]
[SourceQuality "1"]

1. e4 c5 2. Nf3 e6 3. d4 cxd4 4. Nxd4 Nf6 5. Nc3 d6 6. g3 Be7 7. Bg2 0-0 8. 0-0 Nc6 9. Nxc6 bxc6 10. e5 Nd5 11. exd6 Bxd6 12. Ne4 Be7 13. c4 Nb4 14. Qa4 Qc7 15. Be3 Nd3 16. Qc2 Nb4 17. Qe2 a5 18. Rfd1 Ba6 19. Nc5 Rfd8 20. a3 Bxc5 21. Bxc5 Nd5 22. Qe4 Rac8 23. Qc2 Nb6 24. b3 a4 25. Bxb6 Qxb6 26. b4 c5 27. b5 Bb7 28. Bxb7 Qxb7 29. Rxd8+ Rxd8 30. Rd1 Ra8 31. Qxa4 Qf3 32. Rd3 Qe4 33. Qc2 f5 34. a4 h5 35. b6 h4 36. gxh4 Kh7 37. Qd1 Kh6 38. Re3 Qxc4 39. b7 Rb8 40. Qd7 g6 41. Qc7 Qg4+ 42. Kf1 Qc4+ 43. Re2 Qd5 44. Qf4+ Kh7 45. Qc7+ Kh6 46. Qf4+ Kh7 1/2-1/2

[Event "Corus reserve op"]
[Site "Wijk aan Zee"]
[Date "2001.01.23"]
[Round "7"]
[White "Bellin, Robert"]
[Black "Friedman, Aviv"]
[Result "1/2-1/2"]
[WhiteElo "2356"]
[BlackElo "2339"]
[PlyCount "23"]
[EventDate "2001.01.13"]
[EventType "swiss"]
[EventRounds "9"]
[EventCountry "NED"]
[SourceTitle "CBM 080 Extra"]
[Source "ChessBase"]
[SourceDate "2001.03.08"]
[SourceVersion "1"]
[SourceVersionDate "2001.03.08"]
[SourceQuality "1"]

1. Nf3 c5 2. c4 Nf6 3. Nc3 Nc6 4. g3 g6 5. Bg2 d6 6. 0-0 Bg7 7. d3 0-0 8. a3 a6 9. Rb1 Rb8 10. b4 cxb4 11. axb4 b5 12. cxb5 1/2-1/2

[Event "Corus reserve op"]
[Site "Wijk aan Zee"]
[Date "2001.01.18"]
[Round "3"]
[White "Cmilyte, Viktorija"]
[Black "Friedman, Aviv"]
[Result "1-0"]
[WhiteElo "2433"]
[BlackElo "2339"]
[PlyCount "117"]
[EventDate "2001.01.13"]
[EventType "swiss"]
[EventRounds "9"]
[EventCountry "NED"]
[SourceTitle "CBM 080 Extra"]
[Source "ChessBase"]
[SourceDate "2001.03.08"]
[SourceVersion "1"]
[SourceVersionDate "2001.03.08"]
[SourceQuality "1"]

1. e4 e6 2. d4 d5 3. e5 c5 4. c3 Ne7 5. Nf3 Nec6 6. Bd3 b6 7. 0-0 Ba6 8. Bxa6 Nxa6 9. Qa4 Nab8 10. dxc5 bxc5 11. c4 d4 12. Qc2 Be7 13. Qe4 0-0 14. Ne1 Qc7 15. Nd3 Nd7 16. Bf4 Rab8 17. b3 Nb4 18. Nxb4 Rxb4 19. Nd2 a5 20. Rfe1 a4 21. Qf3 Rfb8 22. Qg3 axb3 23. axb3 Nf8 24. Bg5 f5 25. Bxe7 Qxe7 26. Ra5 R4b7 27. Rea1 Qc7 28. f4 Qc6 29. Kf2 Nd7 30. Ra6 Rb6 31. Ra7 R8b7 32. Qg5 h6 33. Qd8+ Kh7 34. Qa8 Nb8 35. Rxb7 Rxb7 36. Ra5 Rb6 37. Qxc6 Rxc6 38. Rb5 Na6 39. Nf3 Nc7 40. Rb7 Na6 41. Ke2 Nb4 42. Nxd4 Ra6 43. Nf3 Ra2+ 44. Nd2 Nc2 45. Rd7 Nd4+ 46. Kd3 Rb2 47. Rb7 Kg8 48. b4 cxb4 49. Kxd4 Rxd2+ 50. Kc5 g5 51. g3 g4 52. Rxb4 h5 53. Kb6 Rxh2 54. c5 Rc2 55. c6 h4 56. gxh4 g3 57. Rb3 g2 58. Rg3+ Kf7 59. h5 1-0

[Event "Corus reserve op"]
[Site "Wijk aan Zee"]
[Date "2001.01.17"]
[Round "2"]
[White "Friedman, Aviv"]
[Black "De Mie, Mariska"]
[Result "1-0"]
[WhiteElo "2339"]
[BlackElo "2150"]
[PlyCount "61"]
[EventDate "2001.01.13"]
[EventType "swiss"]
[EventRounds "9"]
[EventCountry "NED"]
[SourceTitle "CBM 080 Extra"]
[Source "ChessBase"]
[SourceDate "2001.03.08"]
[SourceVersion "1"]
[SourceVersionDate "2001.03.08"]
[SourceQuality "1"]

1. Nf3 d5 2. c4 e6 3. d4 a6 4. cxd5 exd5 5. Nc3 c6 6. Bf4 Bd6 7. Bg3 Ne7 8. e3 0-0 9. Ne5 Nf5 10. Bd3 Be6 11. Qc2 g6 12. Na4 Nxg3 13. hxg3 Bxe5 14. dxe5 Qa5+ 15. Ke2 Nd7 16. f4 c5 17. Kf2 c4 18. Be2 b5 19. Nc3 b4 20. Na4 f6 21. exf6 Nxf6 22. Bf3 Bf5 23. Qd1 Rfe8 24. b3 Rac8 25. g4 Ne4+ 26. Bxe4 Bxe4 27. Rxh7 cxb3 28. Qh1 Rc2+ 29. Ke1 Qxa4 30. Qh6 Re2+ 31. Kxe2 1-0

[Event "Sonnevanck 9th"]
[Site "Wijk aan Zee"]
[Date "2000.12.01"]
[Round "4"]
[White "Vink, Nico"]
[Black "Friedman, Aviv"]
[Result "1/2-1/2"]
[WhiteElo "2296"]
[BlackElo "2364"]
[PlyCount "181"]
[EventDate "2000.11.06"]
[EventType "tourn"]
[EventRounds "9"]
[EventCountry "NED"]
[EventCategory "5"]
[SourceTitle "CBM 079 Extra"]
[Source "ChessBase"]
[SourceDate "2001.01.11"]
[SourceVersion "2"]
[SourceVersionDate "2001.01.25"]
[SourceQuality "1"]

1. e4 c5 2. Nf3 Nc6 3. d4 cxd4 4. Nxd4 Nf6 5. Nc3 e5 6. Ndb5 d6 7. Nd5 Nxd5 8. exd5 Nb8 9. c4 Be7 10. Bd3 0-0 11. 0-0 a6 12. Nc3 f5 13. f4 Nd7 14. Qc2 g6 15. Kh1 Bf6 16. Rb1 exf4 17. Bxf4 Be5 18. Ne2 Qf6 19. Be3 Nc5 20. Qd2 Nxd3 21. Bg5 Qg7 22. Bh6 Qf6 23. Qxd3 Re8 24. Bf4 Bd7 25. Bxe5 Rxe5 26. Qd4 Rae8 27. Nc3 Qe7 28. Qb6 Bc8 29. Rbd1 Qd8 30. Qd4 b6 31. b4 Qc7 32. a4 Bd7 33. b5 a5 34. h3 Rc8 35. Rf4 Qc5 36. Qxc5 Rxc5 37. Nb1 Re3 38. Kh2 Rc8 39. Nd2 Rd3 40. Rf3 Rd4 41. Re3 Kf8 42. Re2 Re8 43. Rf2 Re3 44. Ra1 Be8 45. Rc1 Ra3 46. Nf3 Rf4 47. Re2 Rxa4 48. Ng5 Bf7 49. Rce1 h6 50. Nxf7 Kxf7 51. Re7+ Kf6 52. R7e6+ Kg5 53. Rxd6 Rfxc4 54. Ree6 Kf4 55. Rxg6 Rab4 56. Rxb6 Rd4 57. d6 Rb1 58. Rc6 Rxb5 59. Rxh6 Ke5 60. Ra6 a4 61. Rh8 Rbd5 62. Re8+ Kf4 63. Re6 Re5 64. Rg6 Red5 65. Re6 Re5 66. Rh6 Red5 67. Rh4+ Ke5 68. Rxd4 Rxd4 69. Kg3 Rxd6 70. Rxa4 Kf6 71. Kf4 Rb6 72. Kg3 Kg5 73. Ra3 Rb4 74. Rf3 f4+ 75. Kh2 Rb2 76. Kg1 Rc2 77. Rf2 Rc1+ 78. Kh2 Rc3 79. Rb2 Rd3 80. Kg1 Rc3 81. Kf2 Ra3 82. Rb5+ Kg6 83. h4 Rc3 84. Rg5+ Kf6 85. Rg8 Kf5 86. h5 Rc2+ 87. Kg1 Rc6 88. Rh8 Kg5 89. Kh2 Rh6 90. Rg8+ Kf5 91. g4+ 1/2-1/2

[Event "Sonnevanck 9th"]
[Site "Wijk aan Zee"]
[Date "2000.11.29"]
[Round "2"]
[White "Armas, Jules"]
[Black "Friedman, Aviv"]
[Result "1-0"]
[WhiteElo "2378"]
[BlackElo "2364"]
[PlyCount "81"]
[EventDate "2000.11.06"]
[EventType "tourn"]
[EventRounds "9"]
[EventCountry "NED"]
[EventCategory "5"]
[SourceTitle "CBM 079 Extra"]
[Source "ChessBase"]
[SourceDate "2001.01.11"]
[SourceVersion "2"]
[SourceVersionDate "2001.01.25"]
[SourceQuality "1"]

1. e4 c5 2. Nc3 Nc6 3. g3 g6 4. Bg2 Bg7 5. d3 d6 6. Be3 Rb8 7. a4 a6 8. f4 Nd4 9. Rb1 b5 10. axb5 axb5 11. Nce2 b4 12. c3 Nxe2 13. Nxe2 bxc3 14. bxc3 Bg4 15. Rxb8 Qxb8 16. Qc2 Nf6 17. 0-0 Bxe2 18. Qxe2 0-0 19. e5 dxe5 20. Bxc5 exf4 21. Rxf4 Nh5 22. Rb4 Qc8 23. d4 Bf6 24. Ra4 Ng7 25. Ra8 Qc7 26. Qa6 Ne8 27. Ra7 Qd8 28. Ra8 Qc7 29. Rc8 Qd7 30. Qa8 Kg7 31. Qc6 Qxc6 32. Rxc6 Nd6 33. Bxd6 exd6 34. Rxd6 Rc8 35. Rc6 Rb8 36. Bd5 Rb5 37. Bc4 Rb1+ 38. Kf2 Rb2+ 39. Kf3 Rc2 40. Bb3 Be7 41. Bxc2 1-0

[Event "Keres Memorial 25th"]
[Site "Vancouver"]
[Date "2000.05.16"]
[Round "4"]
[White "Herder, David A"]
[Black "Friedman, Aviv"]
[Result "1-0"]
[WhiteElo "2263"]
[BlackElo "2332"]
[PlyCount "83"]
[EventDate "2000.05.13"]
[EventType "swiss"]
[EventRounds "10"]
[EventCountry "CAN"]
[SourceTitle "CBM 076 Extra"]
[Source "ChessBase"]
[SourceDate "2000.07.11"]
[SourceVersion "1"]
[SourceVersionDate "2000.07.11"]
[SourceQuality "1"]

1. d4 c5 2. c3 e6 3. e4 d5 4. e5 Ne7 5. Nf3 Nec6 6. a3 c4 7. h4 Na5 8. Nbd2 Nbc6 9. g3 f5 10. Ng5 Be7 11. Nh3 0-0 12. Nf4 Bd7 13. Bg2 b5 14. Rb1 g6 15. Nf1 Nb3 16. Ne3 a5 17. Nexd5 Nxc1 18. Nxe7+ Qxe7 19. Rxc1 Rad8 20. 0-0 Kg7 21. Re1 Be8 22. Qe2 h6 23. d5 exd5 24. Bxd5 Kh7 25. Rcd1 Rc8 26. Kg2 Nd8 27. Qe3 Rc5 28. Bf3 Bc6 29. Rd6 Bxf3+ 30. Qxf3 Rxe5 31. Red1 Nf7 32. Nxg6 Qe8 33. Nxf8+ Qxf8 34. R6d5 Qe8 35. Rxe5 Qxe5 36. Rd5 Qe8 37. Qxf5+ Kg7 38. Rd7 Kf8 39. Rxf7+ Qxf7 40. Qxf7+ Kxf7 41. Kf3 Kf6 42. Kf4 1-0

[Event "Groningen op"]
[Site "Groningen"]
[Date "1999.12.28"]
[Round "9"]
[White "Leroy, Didier"]
[Black "Friedman, Aviv"]
[Result "0-1"]
[WhiteElo "2325"]
[BlackElo "2332"]
[PlyCount "102"]
[EventDate "1999.12.19"]
[EventType "swiss"]
[EventRounds "11"]
[EventCountry "NED"]
[SourceTitle "CBM 073 Extra"]
[Source "ChessBase"]
[SourceDate "2000.01.11"]
[SourceVersion "1"]
[SourceVersionDate "2000.01.11"]
[SourceQuality "1"]

1. d4 e6 2. c4 Bb4+ 3. Bd2 Qe7 4. Nf3 Nf6 5. g3 Nc6 6. Bg2 Bxd2+ 7. Nbxd2 0-0 8. 0-0 d6 9. e4 e5 10. d5 Nb8 11. c5 dxc5 12. Qc2 Ne8 13. Qc3 f6 14. Ne1 b6 15. f4 Nd6 16. a4 Re8 17. Rf2 Nd7 18. Nef3 Nf8 19. h3 Nd7 20. Re1 Rb8 21. Bf1 a6 22. Rg2 Kh8 23. h4 Bb7 24. h5 b5 25. h6 g6 26. Rge2 c4 27. Bh3 Nc5 28. fxe5 fxe5 29. Be6 Nxe6 30. Nxe5 Kg8 31. dxe6 b4 32. Qd4 c5 33. Qxc5 Qxe6 34. Nexc4 Nf7 35. Qxb4 Nxh6 36. Nd6 Ba8 37. Qc4 Re7 38. a5 Rxb2 39. Qxe6+ Rxe6 40. N2c4 Rb3 41. Re3 Rb4 42. Rc3 Ng4 43. Nb6 Rxd6 44. Nxa8 Rd2 45. Rf3 Rbb2 46. Nc7 Rg2+ 47. Kh1 Rh2+ 48. Kg1 Rbg2+ 49. Kf1 Rc2 50. Kg1 Rhg2+ 51. Kh1 Rgf2 0-1

[Event "Groningen op"]
[Site "Groningen"]
[Date "1999.12.21"]
[Round "3"]
[White "Gyimesi, Zoltan"]
[Black "Friedman, Aviv"]
[Result "1/2-1/2"]
[WhiteElo "2531"]
[BlackElo "2332"]
[PlyCount "80"]
[EventDate "1999.12.19"]
[EventType "swiss"]
[EventRounds "11"]
[EventCountry "NED"]
[SourceTitle "CBM 073 Extra"]
[Source "ChessBase"]
[SourceDate "2000.01.11"]
[SourceVersion "1"]
[SourceVersionDate "2000.01.11"]
[SourceQuality "1"]

1. d4 e6 2. c4 Nf6 3. Nf3 Bb4+ 4. Bd2 Qe7 5. g3 Nc6 6. Nc3 0-0 7. Bg2 Bxc3 8. Bxc3 Ne4 9. Qc2 Nxc3 10. Qxc3 d6 11. 0-0 e5 12. d5 Nb8 13. e4 Bg4 14. Nd2 a5 15. b3 Nd7 16. f3 Bh5 17. Bh3 Bg6 18. f4 exf4 19. Bxd7 Qxd7 20. gxf4 f6 21. Kh1 b6 22. Rg1 Rae8 23. f5 Bh5 24. Qh3 Qf7 25. Rg3 Re7 26. Rag1 Qe8 27. Nf3 Bxf3+ 28. Rxf3 Rxe4 29. Qh6 Rf7 30. Rh3 Kf8 31. Qxh7 Ke7 32. Rhg3 Kd8 33. Rxg7 Re2 34. Qg8 Rf8 35. Qxf8 Qxf8 36. Rg8 Ke8 37. Rxf8+ Kxf8 38. Rg2 Re1+ 39. Rg1 Re2 40. a4 Rf2 1/2-1/2

[Event "Groningen op"]
[Site "Groningen"]
[Date "1999.12.20"]
[Round "2"]
[White "Friedman, Aviv"]
[Black "Al Modiahki, Mohamad"]
[Result "1-0"]
[WhiteElo "2332"]
[BlackElo "2553"]
[PlyCount "63"]
[EventDate "1999.12.19"]
[EventType "swiss"]
[EventRounds "11"]
[EventCountry "NED"]
[SourceTitle "CBM 073 Extra"]
[Source "ChessBase"]
[SourceDate "2000.01.11"]
[SourceVersion "1"]
[SourceVersionDate "2000.01.11"]
[SourceQuality "1"]

1. Nf3 Nf6 2. c4 g6 3. g3 Bg7 4. Bg2 0-0 5. 0-0 d6 6. Nc3 a6 7. Rb1 c6 8. b4 b5 9. cxb5 axb5 10. a4 bxa4 11. Nxa4 e5 12. d3 e4 13. dxe4 Nxe4 14. Nd4 d5 15. Bb2 Nd6 16. Nc5 Nc4 17. Nxc6 Nxb2 18. Nxd8 Nxd1 19. Rfxd1 Rxd8 20. Bxd5 Rxd5 21. Rxd5 Bf6 22. b5 Ra2 23. e4 Bh3 24. b6 Kg7 25. b7 Rc2 26. Nd3 g5 27. Ra5 Rd2 28. Ra8 Nc6 29. e5 Be7 30. Rc8 Rxd3 31. Rxc6 Rd8 32. b8Q 1-0

[Event "Groningen op"]
[Site "Groningen"]
[Date "1998.12.28"]
[Round "8"]
[White "Friedman, Aviv"]
[Black "Socko, Bartosz"]
[Result "0-1"]
[WhiteElo "2370"]
[BlackElo "2475"]
[PlyCount "62"]
[EventDate "1998.12.??"]
[EventType "swiss"]
[EventRounds "11"]
[EventCountry "NED"]
[SourceTitle "EXT 2000"]
[Source "ChessBase"]
[SourceDate "1999.11.16"]
[SourceVersion "1"]
[SourceVersionDate "1999.11.16"]
[SourceQuality "1"]

1. e4 e5 2. Nf3 Nc6 3. Bc4 Nf6 4. d3 Bc5 5. c3 0-0 6. 0-0 a6 7. Bb3 d6 8. Nbd2 Ba7 9. Re1 Ng4 10. Re2 Kh8 11. h3 Nh6 12. Nf1 f5 13. exf5 Bxf5 14. Bd5 Qc8 15. Ng5 Ne7 16. Bb3 Ng6 17. Ng3 Bd7 18. Be3 Nf4 19. Re1 Qd8 20. Bxa7 Rxa7 21. Nf3 Qf6 22. d4 Bc6 23. d5 Bd7 24. Re3 Bxh3 25. gxh3 Nxh3+ 26. Kg2 Nf4+ 27. Kf1 Ng4 28. Re4 Qh6 29. Ke1 Qh3 30. Qd2 Qg2 31. Bd1 Nd3+ 0-1

[Event "Sonnevanck 7th"]
[Site "Wijk aan Zee"]
[Date "1998.12.05"]
[Round "5"]
[White "Van Haastert, Edwin"]
[Black "Friedman, Aviv"]
[Result "1/2-1/2"]
[WhiteElo "2345"]
[BlackElo "2370"]
[PlyCount "49"]
[EventDate "1998.12.01"]
[EventType "tourn"]
[EventRounds "9"]
[EventCountry "NED"]
[EventCategory "6"]
[SourceTitle "EXT 2000"]
[Source "ChessBase"]
[SourceDate "1999.11.16"]
[SourceVersion "1"]
[SourceVersionDate "1999.11.16"]
[SourceQuality "1"]

1. e4 c5 2. Nf3 Nc6 3. Bb5 d6 4. 0-0 Bd7 5. Re1 a6 6. Bxc6 Bxc6 7. d4 cxd4 8. Qxd4 e6 9. Nc3 Nf6 10. Nd5 e5 11. Nxe5 dxe5 12. Qxe5+ Be7 13. Nc7+ Kf8 14. Nxa8 Qxa8 15. Bd2 Qc8 16. Rad1 Qe6 17. Qxe6 fxe6 18. f3 Kf7 19. Bf4 Bc5+ 20. Be3 Bxe3+ 21. Rxe3 e5 22. Red3 Ke7 23. Kf2 Rc8 24. c3 a5 25. Ke3 1/2-1/2

[Event "Sonnevanck 7th"]
[Site "Wijk aan Zee"]
[Date "1998.12.04"]
[Round "4"]
[White "Friedman, Aviv"]
[Black "Van Beek, Lucien"]
[Result "1/2-1/2"]
[WhiteElo "2370"]
[BlackElo "2315"]
[PlyCount "86"]
[EventDate "1998.12.01"]
[EventType "tourn"]
[EventRounds "9"]
[EventCountry "NED"]
[EventCategory "6"]
[SourceTitle "EXT 2000"]
[Source "ChessBase"]
[SourceDate "1999.11.16"]
[SourceVersion "1"]
[SourceVersionDate "1999.11.16"]
[SourceQuality "1"]

1. e4 e5 2. Nf3 Nc6 3. Nc3 Nf6 4. Bb5 Bb4 5. 0-0 0-0 6. d3 d6 7. Bg5 Bxc3 8. bxc3 Qe7 9. Re1 Nd8 10. d4 Ne6 11. Bc1 Rd8 12. Bf1 b6 13. Ba3 c5 14. g3 Bb7 15. d5 Nf8 16. Nh4 Bc8 17. c4 Ng6 18. Nf5 Bxf5 19. exf5 Nf8 20. f4 N8d7 21. g4 Ne8 22. g5 Qf8 23. Qg4 f6 24. Bb2 Kh8 25. Re3 exf4 26. Qxf4 Ne5 27. Rh3 fxg5 28. Qxg5 Nf6 29. Kh1 Re8 30. Be2 Re7 31. Rg1 Rae8 32. Rh4 Ned7 33. Bd3 Re1 34. Bc3 Rxg1+ 35. Kxg1 Qe7 36. Rh3 Ne5 37. Re3 Nfg4 38. Qxe7 Rxe7 39. Rg3 Kg8 40. h3 Nf6 41. a4 Kf7 42. Kf2 Ng8 43. Bd2 Nf6 1/2-1/2

[Event "Toronto op"]
[Site "Toronto"]
[Date "1998.05.16"]
[Round "5"]
[White "Duong, Thanh Nha"]
[Black "Friedman, Aviv"]
[Result "0-1"]
[WhiteElo "2300"]
[BlackElo "2360"]
[PlyCount "72"]
[EventDate "1998.05.14"]
[EventType "swiss"]
[EventRounds "9"]
[EventCountry "CAN"]
[SourceTitle "CBM 065 Extra"]
[Source "ChessBase"]
[SourceDate "1998.09.09"]
[SourceVersion "1"]
[SourceVersionDate "1998.09.09"]
[SourceQuality "1"]

1. d4 e6 2. c4 Bb4+ 3. Nc3 f5 4. Qc2 Nf6 5. a3 Bxc3+ 6. Qxc3 0-0 7. Nf3 b6 8. g3 Bb7 9. Bg2 a5 10. b3 Qe8 11. 0-0 d6 12. Bb2 Nbd7 13. b4 Qh5 14. h3 Ne4 15. Qd3 Rf6 16. d5 e5 17. g4 fxg4 18. hxg4 Qg6 19. Nxe5 Nxe5 20. Bxe5 dxe5 21. Qxe4 Qg5 22. e3 Qh4 23. Qxe5 Qxg4 24. Qe4 Qh5 25. f4 Re8 26. Qf3 Qh4 27. Rae1 axb4 28. axb4 Bc8 29. Qf2 Qh6 30. e4 Bh3 31. f5 Qg5 32. Re3 Rxf5 33. exf5 Rxe3 34. Kh2 Bxg2 35. Qxg2 Qh4+ 36. Kg1 Rg3 0-1

[Event "Hawaii op"]
[Site "Honolulu"]
[Date "1997.??.??"]
[Round "?"]
[White "Baker, Jonathan"]
[Black "Friedman, Aviv"]
[Result "0-1"]
[WhiteElo "2160"]
[BlackElo "2325"]
[PlyCount "60"]
[EventDate "1997.04.??"]
[EventType "swiss"]
[EventRounds "11"]
[EventCountry "USA"]
[SourceTitle "EXT 1998"]
[Source "ChessBase"]
[SourceDate "1997.11.17"]
[SourceVersion "1"]
[SourceVersionDate "1997.11.17"]
[SourceQuality "1"]

1. e4 e6 2. d4 d5 3. Nc3 Nf6 4. e5 Nfd7 5. Nce2 c5 6. c3 Nc6 7. f4 cxd4 8. cxd4 f6 9. Nf3 Qb6 10. g3 Bb4+ 11. Bd2 0-0 12. Bg2 fxe5 13. fxe5 Ndxe5 14. dxe5 Nxe5 15. Nf4 Qe3+ 16. Kf1 Bxd2 17. Qxd2 Qxd2 18. Nxd2 g5 19. Ke2 gxf4 20. Raf1 Ng6 21. Nb3 Bd7 22. Kd2 Bc6 23. Nd4 e5 24. Ne6 Rf6 25. Bh3 d4 26. Rhg1 f3 27. Rf2 Re8 28. Nc5 e4 29. Kc1 e3 30. Rc2 f2 0-1

[Event "New York op"]
[Site "New York"]
[Date "1997.??.??"]
[Round "1"]
[White "Chernin, Alexander"]
[Black "Friedman, Aviv"]
[Result "1-0"]
[WhiteElo "2635"]
[BlackElo "2325"]
[PlyCount "77"]
[EventDate "1997.04.02"]
[EventType "swiss"]
[EventRounds "9"]
[EventCountry "USA"]
[SourceTitle "EXT 2001"]
[Source "ChessBase"]
[SourceDate "2000.11.22"]
[SourceVersion "1"]
[SourceVersionDate "2000.11.22"]
[SourceQuality "1"]

1. c4 e5 2. Nc3 Nf6 3. Nf3 Nc6 4. a3 d5 5. cxd5 Nxd5 6. Qc2 Nxc3 7. bxc3 Be7 8. g3 0-0 9. Bg2 Rb8 10. 0-0 h6 11. d4 Bd6 12. Bb2 Qe7 13. e3 b6 14. c4 Re8 15. Rfc1 e4 16. Nd2 f5 17. Nb3 Nd8 18. c5 bxc5 19. dxc5 Be5 20. Bxe5 Qxe5 21. Nd4 c6 22. Bf1 Bd7 23. Qa4 Qc7 24. Rab1 Nf7 25. Bc4 Kf8 26. Ba2 Ne5 27. Rb4 Ke7 28. Qb3 a5 29. Rb6 Rxb6 30. cxb6 Qd6 31. Qc3 a4 32. Qa5 Kf6 33. Qc3 Kg6 34. Bb1 Rb8 35. Bc2 Rxb6 36. Rd1 Qe7 37. Ne2 Kf7 38. Bxa4 Nf3+ 39. Kg2 1-0

[Event "Hawaii op"]
[Site "Honolulu"]
[Date "1997.??.??"]
[Round "?"]
[White "Friedman, Aviv"]
[Black "Gufeld, Eduard"]
[Result "1/2-1/2"]
[WhiteElo "2325"]
[BlackElo "2450"]
[PlyCount "106"]
[EventDate "1997.04.??"]
[EventType "swiss"]
[EventRounds "11"]
[EventCountry "USA"]
[SourceTitle "EXT 1998"]
[Source "ChessBase"]
[SourceDate "1997.11.17"]
[SourceVersion "1"]
[SourceVersionDate "1997.11.17"]
[SourceQuality "1"]

1. e4 d6 2. d4 Nf6 3. Nc3 g6 4. Nf3 Bg7 5. h3 0-0 6. Be3 a6 7. a4 b6 8. Bc4 e6 9. Qe2 Bb7 10. Bg5 h6 11. Bh4 d5 12. Bd3 Qc8 13. e5 Nfd7 14. Nd1 c5 15. c3 Nc6 16. Ne3 cxd4 17. cxd4 Nb4 18. 0-0 Nxd3 19. Qxd3 a5 20. Rfc1 Ba6 21. Qd2 Qb8 22. Ng4 g5 23. Bg3 Qd8 24. h4 h5 25. Nf6+ Nxf6 26. exf6 Qxf6 27. hxg5 Qf5 28. Ne5 Rfc8 29. Nd7 Qd3 30. Qxd3 Bxd3 31. Nxb6 Rxc1+ 32. Rxc1 Ra7 33. Be5 Bxe5 34. dxe5 Kg7 35. f4 h4 36. Nc8 Rb7 37. Nd6 Rxb2 38. Rc7 Be4 39. Rxf7+ Kg8 40. Rf6 Rxg2+ 41. Kf1 Rg4 42. Nxe4 dxe4 43. Rxe6 Rxf4+ 44. Ke2 e3 45. Kxe3 Rxa4 46. Kf3 h3 47. Kg3 Ra3+ 48. Kh2 Re3 49. g6 Kg7 50. Ra6 Rxe5 51. Kxh3 Rg5 52. Kh4 Rxg6 53. Rxa5 Rg1 1/2-1/2